Cities by Satellite Images - Statistics

General Stats
  • This quiz has been taken 1,289 times
  • The average score is 17 of 30
Answer Stats
Continent City % Correct
Europe Venice
89%
Europe Paris
86%
North America New York
85%
Asia Dubai
82%
North America San Francisco
73%
Europe Barcelona
72%
Africa Cairo
72%
North America Chicago
72%
Oceania Sydney
72%
South America Rio de Janeiro
67%
Asia Tokyo
64%
Europe Istanbul
63%
Asia Beijing
60%
South America Buenos Aires
58%
Asia Hong Kong
58%
Africa Cape Town
54%
Oceania Auckland
53%
South America Lima
52%
Oceania Perth
49%
North America Vancouver
49%
South America Brasilia
46%
Europe St Petersburg
46%
Africa Kinshasa/Brazzaville
45%
Oceania Canberra
40%
Oceania Gold Coast
38%
Asia Delhi
37%
South America Manaus
29%
North America Panama City
21%
Africa Mombasa
19%
Africa Tunis
19%
No matching quizzes found
Score Distribution
Percent of People with Each Score
Percentile by Number Answered
Your Score History
You have not taken this quiz